000 01343nam a2200325 i 4500
003 EG-GICUC
005 20260405063327.0
008 260209s2004 ua |||fr|||| 00| 0 ara d
017 _a21560/2004
040 _a EG-GICUC
_bara
_c EG-GICUC
_d EG-GICUC
_erda
041 0 _aAra
082 0 4 _221
_a343.93
_bإ ي . م
092 0 4 _221
099 _aLaw1 10 343.93 إ ي. م 2004
100 0 _aإيهاب يسر أنور
_eمؤلف.
245 1 2 _aالمفترضات القانونية وسلطة محكمة النقض فى إعادة النظر فى الأحكام :
_bدراسة فى السياسة الجنائية التشريعية والقضائية المصرية الفرنسية وإيطاليا الحديثة /
_cتأليف دكتور إيهاب يسر أنور.
264 1 _aالقاهرة :
_bدار النهضة العربية،
_c2004.
300 _a196 ؛صفحة
_c24 سم.
336 _2rda content
_atext
337 _2rda media
_aComputer
338 _2rda carrier
_aOnline Resource
504 _a. 174 -181 ببليوجرافيا: صفحات.
546 _aالنص باللغة العربية
650 1 _aالنقض
_2qrmak
650 1 _aالقانون الجنائى
_2qrmak
651 1 _2qrmak
856 4 0 _uhttps://fll.law.cu.edu.eg/fulltext/bks/B10-08884.pdf
905 _a54
942 _2ddc
_cBK
_e21
_n0
999 _c62072
_d62072